01794nam a2200337 i 4500001001000000003000900010005001700019007000300036008004100039020001800080040003000098082000700128100003000135245013900165264003600304300001700340336002700357337003300384338002800417500003400445500007000479504003200549505040200581590002700983700005801010942001401068952012101082952011501203952012101318999001701439000042580DO-SdBNP20240314193807.0ta140128s2013 dr 000 0 spa d a9789945423273 aDO-SdBNPbspacBNPHUerda 4222 aManzano, Francisco96983010aResponsabilidad penal de los administradores en los delitos societarios /cFrancisco Manzano ; prólogo Alejandro A. Moscoso Segarra. aSanto Domingo :bUNAPEC,c2013. av. ;c22 cm. 2rdacontentatextobtxt 2rdamediaasin mediaciónbn 2rdacarrieravolumenbnc aLa biblioteca posee el tomo I aIncluye datos biográficos del autor en la solapa de la cubierta aBibliografía : p. 141-145 aPresentación --tPrólogo --tIntroito --tDe la responsabilidad penal en el derecho penal de la empresa --tDe los delitos societarios --tDe los administradores y de la inoponiblidad de la personalidad jurídica de la empresa --tDe la estructuración de la responsabilidad penal de los administradores en los delitos societarios --tDe la acción penal en contra de los administradores -- aInventariado, 2023 /LP1 aMoscoso Segarra, Alejandro Ad1964-eprólogo962241 2ddccLBS1 00102ddc56708DSaBNPHUbBNPHUcCTd2014-01-28eDepósito Legalo p42580-30r2020-06-25te. 3w2020-06-25yLBS1 00102ddc51708PDaBNPHUbBNPHUcCTd2014-01-28eDepósito Legalo p42580-10r2020-06-25w2020-06-25yLBS1 00102ddc51708PDaBNPHUbBNPHUcCTd2014-01-28eDepósito Legalo p42580-20r2020-06-25te. 2w2020-06-25yLBS1 c42069d42069